Geometría

Gespeichert in:
Bibliographische Detailangaben
1. Verfasser: Elizagaray, Elena
Format: keine Angabe
Sprache:Spanisch
Erschienen: Tandil Vitullo Hnos. 1929
Katalog:MANES:  Suchergebnis im Bibliothekskatalog
Schulbuchspezifische Eigenschaften:
Tags: Tag hinzufügen
Keine Tags, Fügen Sie den ersten Tag hinzu!
Hinzugefügt zu:26.04.2016

MARC

LEADER 000000000a22000000004500
001 20311
003 OSt
008 160427s ar ||||| |||| 00| 0 spa d
040 |c centro_manes 
041 |a spa 
691 7 |a PRI 
100 1 |a Elizagaray, Elena  |9 17789 
245 0 0 |a Geometría 
260 3 |a Tandil  |b Vitullo Hnos.  |c 1929 
300 |a 159 
690 0 |a MATE 
942 |2 ddc  |c BK 
546 |a Argentina 
999 |c 38261  |d 38261 
999 |c manes:38261  |d 38261